LIBRARY ONLINE CATALOGUE

Liberalization of legal Education in uganda : (Record no. 11664)

MARC details
000 -LEADER
fixed length control field 02017cam a22004212 4500
001 - CONTROL NUMBER
control field 0000025368
005 - DATE AND TIME OF LATEST TRANSACTION
control field 20151217154525.0
008 - FIXED-LENGTH DATA ELEMENTS--GENERAL INFORMATION
fixed length control field 150821s xx 000 0 eng d
020 ## - INTERNATIONAL STANDARD BOOK NUMBER
International Standard Book Number 9966151131
040 ## - CATALOGING SOURCE
Original cataloging agency KABU
Transcribing agency KABU
100 1# - MAIN ENTRY--PERSONAL NAME
Personal name Tibihikirra-Kalyegira, pamela.
-- 0000186026
245 10 - TITLE STATEMENT
Title Liberalization of legal Education in uganda :
Remainder of title Policy considerations /
Statement of responsibility, etc. by Pamela Tibihikirra-Kalyegira.
260 ## - PUBLICATION, DISTRIBUTION, ETC. (IMPRINT)
Place of publication, distribution, etc. Nairobi, Kenya :
Name of publisher, distributor, etc. lawAfrica,
Date of publication, distribution, etc. 2010.
300 ## - PHYSICAL DESCRIPTION
Extent xix, 146p. :
Other physical details ill.
650 #0 - SUBJECT ADDED ENTRY--TOPICAL TERM
Topical term or geographic name as entry element Law
General subdivision study and teaching
Geographic subdivision Uganda.
-- 0000186027
852 1# - LOCATION
-- p800 KES
852 1# - LOCATION
-- p800 KES
852 1# - LOCATION
-- p800 KES
852 1# - LOCATION
-- p800 KES
852 1# - LOCATION
-- p800 KES
852 1# - LOCATION
-- p800 KES
852 1# - LOCATION
-- p800 KES
852 1# - LOCATION
-- p800 KES
852 1# - LOCATION
-- p800 KES
852 1# - LOCATION
-- p800 KES
852 1# - LOCATION
-- p800 KES
852 1# - LOCATION
-- p800 KES
852 1# - LOCATION
-- p800 KES
852 1# - LOCATION
-- p800 KES
852 1# - LOCATION
-- p800 KES
852 1# - LOCATION
-- p800 KES
852 1# - LOCATION
-- p800 KES
852 1# - LOCATION
-- p800 KES
852 1# - LOCATION
-- p800 KES
852 1# - LOCATION
-- p800 KES
908 ## - PUT COMMAND PARAMETER (RLIN)
Put command parameter 150821
950 ## - LOCAL HOLDINGS (RLIN)
-- 1
Holdings
Withdrawn status Lost status Source of classification or shelving scheme Not for loan Home library Current library Date acquired Total Checkouts Full call number Barcode Date last seen Price effective from Koha item type Cost, normal purchase price
    Library of Congress Classification   Kabarak, Main Campus Kabarak, Main Campus 17/12/2015   KTW5 .T535 2010 c. 1 019339 17/12/2015 17/12/2015 General Collection  
    Library of Congress Classification   Kabarak, Main Campus Kabarak, Main Campus 17/12/2015   KTW5 .T535 2010 c. 19 019268 17/12/2015 17/12/2015 General Collection  
    Library of Congress Classification   Kabarak, Main Campus Kabarak, Main Campus 17/12/2015   KTW5 .T535 2010 c. 20 019266 17/12/2015 17/12/2015 General Collection  
    Library of Congress Classification   Kabarak, Main Campus Kabarak, Main Campus 17/12/2015   KTW5 .T535 2010 c. 18 019267 17/12/2015 17/12/2015 General Collection  
    Library of Congress Classification   Kabarak, Main Campus Kabarak, Main Campus 17/12/2015   KTW5 .T535 2010 c. 17 019269 17/12/2015 17/12/2015 General Collection 800.00
    Library of Congress Classification   Kabarak, Main Campus Kabarak, Main Campus 17/12/2015   KTW5 .T535 2010 c. 10 019367 17/12/2015 17/12/2015 General Collection  
    Library of Congress Classification   Kabarak, Main Campus Kabarak, Main Campus 17/12/2015   KTW5 .T535 2010 c. 9 019368 17/12/2015 17/12/2015 General Collection  
    Library of Congress Classification   Kabarak, Main Campus Kabarak, Main Campus 17/12/2015   KTW5 .T535 2010 c. 8 019369 17/12/2015 17/12/2015 General Collection  
    Library of Congress Classification   Kabarak, Main Campus Kabarak, Main Campus 17/12/2015   KTW5 .T535 2010 c. 7 019370 17/12/2015 17/12/2015 General Collection  
    Library of Congress Classification   Kabarak, Main Campus Kabarak, Main Campus 17/12/2015   KTW5 .T535 2010 c. 6 019371 17/12/2015 17/12/2015 General Collection  
    Library of Congress Classification   Kabarak, Main Campus Kabarak, Main Campus 17/12/2015   KTW5 .T535 2010 c. 5 019372 17/12/2015 17/12/2015 General Collection  
    Library of Congress Classification   Kabarak, Main Campus Kabarak, Main Campus 17/12/2015   KTW5 .T535 2010 c. 4 019373 17/12/2015 17/12/2015 General Collection  
    Library of Congress Classification   Kabarak, Main Campus Kabarak, Main Campus 17/12/2015   KTW5 .T535 2010 c. 3 019374 17/12/2015 17/12/2015 General Collection  
    Library of Congress Classification   Kabarak, Main Campus Kabarak, Main Campus 17/12/2015   KTW5 .T535 2010 c. 2 019375 17/12/2015 17/12/2015 General Collection  
    Library of Congress Classification   Kabarak, Main Campus Kabarak, Main Campus 17/12/2015   KTW5 .T535 2010 c. 16 019362 17/12/2015 17/12/2015 General Collection  
    Library of Congress Classification   Kabarak, Main Campus Kabarak, Main Campus 17/12/2015   KTW5 .T535 2010 c. 15 019361 17/12/2015 17/12/2015 General Collection  
    Library of Congress Classification   Kabarak, Main Campus Kabarak, Main Campus 17/12/2015   KTW5 .T535 2010 c. 14 019363 17/12/2015 17/12/2015 General Collection  
    Library of Congress Classification   Kabarak, Main Campus Kabarak, Main Campus 17/12/2015   KTW5 .T535 2010 c. 13 019364 17/12/2015 17/12/2015 General Collection  
    Library of Congress Classification   Kabarak, Main Campus Kabarak, Main Campus 17/12/2015   KTW5 .T535 2010 c. 12 019365 17/12/2015 17/12/2015 General Collection  
    Library of Congress Classification   Kabarak, Main Campus Kabarak, Main Campus 17/12/2015   KTW5 .T535 2010 c. 11 019366 17/12/2015 17/12/2015 General Collection